000
00282nam a2200133Ia 4500
100
_a
Vinogradov
942
_c
BK
654
_a
Electrician
245
_a
Industrial Electrician
260
_b
Peace publishers
_a
Moscow
_c
2001
082
_a
621.3
300
_a
275
546
_a
ENGLISH
999
_c
21128
_d
21128